| 000 | 00686nam a2200229 a 4500 | ||
|---|---|---|---|
| 001 | 13534 | ||
| 003 | BD-JhCC | ||
| 005 | 20240118100752.0 | ||
| 008 | 230810b2018 bg |||| ||a| 000 0 ben d | ||
| 020 | _a9789848072066 | ||
| 035 | _a(BD-JhCC)13534 | ||
| 040 |
_aBD-JhCC _dBD-JhCC |
||
| 041 | _abengali | ||
| 082 |
_a794.8 _bJON 20218 |
||
| 100 | _aজোনাক,শাহ জালাল | ||
| 245 |
_aশব্দ দিয়ে বুদ্ধির খেলা / _cশাহ জালাল জোনাক । |
||
| 260 |
_aঢাকা: _bঅধ্যয়ন; _c2018. |
||
| 300 |
_a183 p. : _c22 cm. |
||
| 650 |
_a Puzzle. _zknowledge |
||
| 942 |
_2ddc _cBK |
||
| 999 |
_c13534 _d13534 |
||